000 00547nam a2200181 i 4500
001 30071
003 ES-MaACL
005 20230906154131.0
007 t|
008 030123s1875 sp ||||1| spa d
100 1 _aBarros Sivelo, Ramón.
_926061
245 1 0 _aAntigüedades de Galicia /
_cpor Ramón Barros Sivelo.
260 _aLa Coruña :
_b[s.n.],
_c1875 (
_fDomingo Puga)
300 _a216 p. ;
_c27 cm.
651 4 _aGalicia-
_xHistoria-
_yHasta S.V.
_98732
651 4 _aGalicia-
_xRestos arqueológicos.
_98737
852 _aES-MaACL
_jG-5275
999 _c30071
_d30071